000
00247nam a2200097Ia 4500
001
717258
005
20250826163000.0
008
250824s9999 xx 000 0 und d
245
0
_a
GULYABANİ
_c
HÜSEYİN RAHMİ GÜRPINAR
260
_b
ANONİM YAYINLARI
999
_c
717258
_d
717258